| 000 | 03357nam0a2200373 4500 | ||
|---|---|---|---|
| 001 | RU\NLR\BIBL_A\012751054 | ||
| 005 | 20230329131058.0 | ||
| 010 |
_a978-5-7996-3260-1 _930 |
||
| 021 |
_aRU _bКН-П-21-091620 _9КН-П-21-7305 |
||
| 035 | _a(NLR Aleph) 012751054 | ||
| 035 | _a(RuMoRGB)010935369 | ||
| 090 |
_a13032145 _c13032145 |
||
| 100 | _a20220405d2021 k y0rusy50 ca | ||
| 101 | 0 | _arus | |
| 102 | _aRU | ||
| 105 | _aa j 000zy | ||
| 181 | 0 |
_ai _baxxe |
|
| 182 | 0 | _an | |
| 200 | 1 |
_aУстройство и основы эксплуатации ЗРПК "Панцирь-С" _e(общие сведения) _eучебное пособие _eдля студентов вуза, обучающихся по специальности 11.05.01 "Радиоэлектронные системы и комплексы", по направлениям подготовки 09.03.02 "Информационные системы и технологии", 11.03.01 "Радиотехника", 11.03.02 "Конструирование и технология электронных средств" _fЮ. П. Самохвалов, Ю. Ф. Куприянов, С. В. Луппей _gМинистерство науки и высшего образования Российской Федерации, Уральский федеральный университет имени первого президента России Б. Н. Ельцина, [Военный учебный центр] |
|
| 203 |
_aТекст _bвизуальный _cнепосредственный |
||
| 210 |
_aЕкатеринбург _cИзд-во Уральского университета _d2021 |
||
| 215 |
_a120, [1] с. _cцв. ил. _d20 |
||
| 320 | _aБиблиогр. в конце кн. (21 назв.) | ||
| 330 | _aВ учебном пособии приведены основные тактико-технические характеристики зенитного ракетно- пушечного комплекса <Панцирь-С>, показаны принципы взаимодействия элементов комплекса и режимов его работы, средства технического обслуживания, энергоснабжения. Указан порядок транспортирования и хранения вооружения комплекса. Предназначено для курсантов военных учебных центров, слушателей военных кафедр и может быть использовано как на аудиторных занятиях, так и при самостоятельной работе | ||
| 606 | 1 |
_a"Панцирь-С", зенитные ракетно-пушечные комплексы _jУчебные издания для высших учебных заведений _2nlr_sh2 _3RU\NLR\AUTH\6601720615 |
|
| 675 |
_a623.46(075.8) _v4 |
||
| 686 | 1 | _aЦ501.12я73-1 | |
| 700 | 1 |
_aСамохвалов _bЮ. П. _gЮрий Павлович |
|
| 701 | 1 |
_aКуприянов _bЮ. Ф. _gЮрий Филиппович |
|
| 701 | 1 |
_aЛуппей _bС. В. _gСергей Владимирович |
|
| 942 | _cBOOK | ||
| 980 | _aNB | ||